Effectivness ivomec super and frontline spray on fleas tick of trains dogs in the department of police control prosenchey district, phnom penh, (ប្រសិទ្ធភាព IVOMEC SUPER និង Frontline spray ទៅលើចៃដង្កែនៃសុនខជំនាញ នៅអង្គភាពតម្រួតបទបញ្ជា ខណ្ឌពោធិ៍សែនជ័យ រាជធានីភ្នំពេញ) (Record no. 2716)
[ view plain ]
| 000 -LEADER | |
|---|---|
| fixed length control field | 00806nam a22001577a 4500 |
| 003 - CONTROL NUMBER IDENTIFIER | |
| control field | OSt |
| 005 - DATE AND TIME OF LATEST TRANSACTION | |
| control field | 20151026101908.0 |
| 008 - FIXED-LENGTH DATA ELEMENTS--GENERAL INFORMATION | |
| fixed length control field | 151026b xxu||||| |||| 00| 0 eng d |
| 040 ## - CATALOGING SOURCE | |
| Transcribing agency | RUA |
| 082 ## - DEWEY DECIMAL CLASSIFICATION NUMBER | |
| Classification number | AVM PAL 2013 B105 Or.1 |
| 100 ## - MAIN ENTRY--PERSONAL NAME | |
| 9 (RLIN) | 2897 |
| Personal name | PALL CHANNY |
| 245 ## - TITLE STATEMENT | |
| Title | Effectivness ivomec super and frontline spray on fleas tick of trains dogs in the department of police control prosenchey district, phnom penh, (ប្រសិទ្ធភាព IVOMEC SUPER និង Frontline spray ទៅលើចៃដង្កែនៃសុនខជំនាញ នៅអង្គភាពតម្រួតបទបញ្ជា ខណ្ឌពោធិ៍សែនជ័យ រាជធានីភ្នំពេញ) |
| 260 ## - PUBLICATION, DISTRIBUTION, ETC. (IMPRINT) | |
| Place of publication, distribution, etc. | Phnom Penh |
| Name of publisher, distributor, etc. | Rua |
| Date of publication, distribution, etc. | 2013 |
| 300 ## - PHYSICAL DESCRIPTION | |
| Extent | ix; 47p. |
| Other physical details | ill. |
| Dimensions | 29cm. |
| 942 ## - ADDED ENTRY ELEMENTS (KOHA) | |
| Source of classification or shelving scheme | |
| Koha item type | AVM |
| Price effective from | Date last seen | Permanent Location | Not for loan | Date acquired | Date last checked out | Source of classification or shelving scheme | Total Checkouts | Koha item type | Barcode | Lost status | Damaged status | Withdrawn status | Current Location | Full call number |
|---|---|---|---|---|---|---|---|---|---|---|---|---|---|---|
| 2015-10-26 | 2015-10-26 | Library Block B | 2015-10-26 | AVM | RUA018223 | Library Block B | AVM PAL 2013 B105 Or.1 | |||||||
| 2015-10-26 | 2015-10-26 | Library Block B | 2015-10-26 | AVM | RUA008856 | Library Block B | AVM PAL 2013 B105 Or.2 | |||||||
| 2015-10-26 | 2018-03-23 | Library Block B | 2015-10-26 | 2018-03-12 | 1 | AVM | RUA008773 | Library Block B | AVM PAL 2013 B105 Or.3 | |||||
| 2015-10-26 | 2025-06-24 | Library Block B | 2015-10-26 | 2025-05-29 | 1 | AVM | RUA008844 | Library Block B | AVM PAL 2013 B105 Or.4 | |||||
| 2015-10-26 | 2015-10-26 | Library Block B | 2015-10-26 | AVM | RUA008756 | Library Block B | AVM PAL 2013 B105 Or.5 | |||||||
| 2015-10-26 | 2015-10-26 | Library Block B | 2015-10-26 | AVM | RUA008968 | Library Block B | AVM PAL 2013 B105 Or.6 | |||||||
| 2015-10-26 | 2015-10-26 | Library Block B | 2015-10-26 | AVM | RUA008755 | Library Block B | AVM PAL 2013 B105 Or.7 |